000 00653nam a22002177a 4500
003 KOHA_MİRAKIL
005 20241016084243.0
008 241016b tu ||||| |||| 00| 0 tur d
020 _a9789759245115
040 _aTR-AnABB
_btur
_cTR-AnABB
041 _atur
082 _a711.42
_bYET 2008
100 1 _aYeter, Enis
245 1 0 _aKentsel gelişme ve kültür değerleri /
_cEnis Yeter
260 _aAnkara :
_bTarihi Kentler Birliği Yayını,
_c2008
300 _a432 sayfa ;
_c24 cm
650 0 4 _aKentsel dönüşüm, Türkiye
650 0 4 _aKentsel dönüşüm
650 0 4 _aKültür değerleri
942 _2ddc
_cBK
999 _c7895
_d7895
900 _bCan ÇELIK